000 00575nam a2200205Ia 4500
003 OSt
005 20260218104016.0
008 210210b1956 xxu||||| |||| 00| 0 eng d
040 _cAL
041 _aHindi
082 _a864/116
100 _aSHASTRI (Devadath)
_dशास्त्री (देवदत्त)
_9255573
245 _aAbhinaya darpan
_bअभिनय दर्पण
260 _aIllAhAbAd
_bKitab mahal
_c1956
650 _adarpan
_9255574
650 _aAbhinaya
_9255575
690 _aHindi Criticism
_9255576
906 _a023652
942 _2ddc
_cBK
999 _c148620
_d148620